Hacia la solución: apuntaciones al margen de la negociación chileno-peruana de 1921
Saved in:
| Hovedforfatter: | |
|---|---|
| Format: | Bog |
| Sprog: | spansk |
| Udgivet: |
Santiago
Universitaria
1922
|
| Udgivelse: | 1a. ed |
| Fag: | |
| Tags: |
Tilføj Tag
Ingen Tags, Vær først til at tagge denne postø!
|
MARC
| LEADER | 00000nam a2200000 a 4500 | ||
|---|---|---|---|
| 001 | UCT9187 | ||
| 003 | CL-VaPUC | ||
| 008 | 970404e19220000CL |||||||||||||||||spa|d | ||
| 082 | 0 | 4 | |a 341.52 |b BAR |2 21 |
| 100 | 0 | |a Barros Jarpa, Ernesto |e author |9 381653 | |
| 245 | 1 | 0 | |a Hacia la solución: apuntaciones al margen de la negociación chileno-peruana de 1921 |
| 250 | |a 1a. ed | ||
| 300 | |a 355 p | ||
| 942 | |c BK | ||
| 945 | |d 19970404 00:00:00 |a cmena | ||
| 260 | |a Santiago |b Universitaria |c 1922 | ||
| 650 | 7 | |a CONFLICTOS INTERNACIONALES |2 CL-VaPUC |9 334143 | |
| 650 | 7 | |a HISTORIA POLITICA DE CHILE |2 CL-VaPUC |9 381654 | |
| 650 | 0 | |a Relaciones Internacionales |9 255740 | |
| 650 | 0 | |a Tratados internacionales |9 256056 | |
| 650 | 0 | |a Fronteras |9 338773 | |
| 650 | 0 | |a Derecho internacional |9 255637 | |
| 650 | 0 | |a Diplomacia |9 256483 | |
| 651 | 7 | |a CHILE |2 CL-VaPUC |9 381655 | |
| 651 | 0 | |a Perú |9 256567 | |
| 583 | |a last modification |c 19970404 00:00:00 |k Rodrigo Vera | ||
| 999 | |c 257606 |d 257604 | ||
| 952 | |0 0 |1 0 |4 0 |6 341_520000000000000_BAR_1922 |7 0 |8 A |9 281148 |a BIBDER |b BIBDER |d 2019-11-19 |i 1823841 |o 341.52 BAR 1922 |p 1823841 |r 2023-01-25 |w 2019-11-19 |y BK |k DER | ||
| 952 | |0 0 |1 0 |4 0 |6 341_520000000000000_BAR_1922 |7 0 |8 X |9 281149 |a FDOBUD |b FDOBUD |d 2019-11-19 |i 1009044 |o 341.52 BAR 1922 |p 1009044 |r 2019-11-19 |w 2019-11-19 |y BK_X |k BUD | ||